Spanish Verbs 1 - Statistics

General Stats
  • This quiz has been taken 57 times
  • The average score is 28 of 50
Answer Stats
Hint Answer % Correct
dance bailar
81%
sing cantar
77%
watch mirar
77%
close cerrar
73%
buy comprar
73%
use usar
73%
drink beber
69%
sleep dormir
69%
speak hablar
69%
make hacer
69%
can poder
69%
leave salir
69%
sell vender
69%
travel viajar
69%
believe creer
65%
study estudiar
65%
forget olvidar
65%
repeat repetir
65%
bathe bañarse
62%
search buscar
62%
cut cortar
62%
teach enseñar
62%
hear oir
62%
serve servir
62%
help ayudar
58%
enter entrar
58%
arrive llegar
58%
think pensar
58%
see ver
58%
walk andar
54%
brush cepillar
54%
understand entender
54%
get up levantarse
54%
call llamar
54%
respect respetar
54%
finish terminar
54%
erase borrar
50%
wake up despertarse
50%
turn off apagar
46%
dream soñar
42%
pick up descolgar
35%
return devolver
35%
become convertirse
31%
correct corregir
31%
resemble parecerse
31%
wipe pasar un trapo
27%
ride conducir
23%
stand estar de pie
23%
sightsee hacer turismo
23%
hold sujetar
23%
No matching quizzes found
Score Distribution
Percent of People with Each Score
Percentile by Number Answered
Your Score History
You have not taken this quiz